| 000 | 01088nam a2200241Ia 4500 | ||
|---|---|---|---|
| 999 |
_c42044 _d42044 |
||
| 001 | 8734 | ||
| 003 | GE_BSU | ||
| 005 | 20240528112140.0 | ||
| 008 | 181216s1990||||ge |||||||||||||| ||geo|| | ||
| 040 | _cGE_BSU | ||
| 041 | _ageo | ||
| 080 | _a821.353.1.092+821.353.1.09+821.353.1-92 ბ–32 | ||
| 100 |
_aბაქრაძე, აკაკი _922194 |
||
| 245 |
_aმწერლობის მოთვინიერება / _cაკაკი ბაქრაძე ; რედ. თ. ნანიტაშვილი. |
||
| 264 |
_aთბილისი : _bსარანტი, _c1990. |
||
| 300 |
_a226 გვ. ; _c20 სმ. |
||
| 541 | _h8ლ. | ||
| 653 | _aმწერლობის მოთვინიერება | ||
| 653 | _aლიტერატურის ისტორია და კრიტიკა -- ქართული ლიტერატურა | ||
| 653 | _aლიტერატურის პარტიულობა | ||
| 700 |
_aნანიტაშვილი, თ. _eრედაქტორი _922195 |
||
| 942 |
_cBK _2udc |
||